书目信息 |
| 题名: |
这样教学生才肯学
|
|
| 作者: | 拉弗尼 著 ;梁平 , 宋其辉 译 | |
| 分册: | ||
| 出版信息: | 上海 华东师范大学出版社 2010 |
|
| 页数: | 257页 | |
| 开本: | 24cm | |
| 丛书名: | ||
| 单 册: | ||
| 中图分类: | G442 | |
| 科图分类: | ||
| 主题词: | 学习动机--研究 , 学习动机 | |
| 电子资源: | ||
| ISBN: | 978-7-5617-7220-1 | |
| 000 | 01170nam0 2200289 450 | |
| 001 | 2137826473 | |
| 005 | 20211114103030.16 | |
| 010 | @a978-7-5617-7220-1@dCNY34.00 | |
| 100 | @a20100202d2010 em y0chiy50 ea | |
| 101 | 1 | @achi@ceng |
| 102 | @aCN@b310000 | |
| 105 | @ay z 000yy | |
| 200 | 1 | @a这样教学生才肯学@9zhe yang jiao xue sheng cai ken xue@e增强学习动机的150种策略@f(美)James P. Raffini著@g梁平,宋其辉译 |
| 210 | @a上海@c华东师范大学出版社@d2010 | |
| 215 | @a257页@d24cm | |
| 300 | @a创智学习 25 | |
| 306 | @a由华东师范大学出版社与Pearson Education(培生教育出版集团)合作出版 | |
| 330 | @a本书通过帮助学生满足其追求自主、胜任、联系感、自尊,以及乐趣的心理需要,对学生的学习动机施加强有力的影响。运用50种有研究基础的建议和100种经过教师验证的教学策略,提升学生在学习中的内在满足感。 | |
| 517 | 1 | @a增强学习动机的150种策略@9zeng qiang xue xi dong ji de 150 zhong ce lue |
| 606 | 0 | @a学习动机@x研究 |
| 606 | 0 | @a学习动机 |
| 690 | @aG442@v4 | |
| 701 | 0 | @c(美)@a拉弗尼@9la fu ni@c(Raffini, James P.)@4著 |
| 702 | 0 | @a梁平@9liang ping@c(教育)@4译 |
| 702 | 0 | @a宋其辉@9song qi hui@4译 |
| 801 | 0 | @aCN@b91MARC@c20130904 |
| 905 | @aZUCC@dG442@e16 | |
| 这样教学生才肯学:增强学习动机的150种策略/(美)James P. Raffini著/梁平,宋其辉译.-上海:华东师范大学出版社,2010 |
| 257页;24cm |
| 创智学习 25 |
| ISBN 978-7-5617-7220-1:CNY34.00 |
| 本书通过帮助学生满足其追求自主、胜任、联系感、自尊,以及乐趣的心理需要,对学生的学习动机施加强有力的影响。运用50种有研究基础的建议和100种经过教师验证的教学策略,提升学生在学习中的内在满足感。 |
| ● |
| 相关链接 |
|
|
|
正题名:这样教学生才肯学
索取号:G442/16
 
预约/预借
| 序号 | 登录号 | 条形码 | 馆藏地/架位号 | 状态 | 备注 |
| 1 | 2000886097 | 2000886097 | 第二书库/ [索取号:G442/16] | 在馆 | |
| 2 | 2000886098 | 2000886098 | 第二书库/ [索取号:G442/16] | 在馆 | |
| 3 | 2000886099 | 2000886099 | 第二书库/ [索取号:G442/16] | 在馆 |